书目信息 |
| 题名: |
寻找亨利·福特
|
|
| 作者: | 王志艳 编著 | |
| 分册: | ||
| 出版信息: | 延吉 延边大学出版社 2013 |
|
| 页数: | 168页 | |
| 开本: | 21cm | |
| 丛书名: | ||
| 单 册: | ||
| 中图分类: | K837.125.38=531 , K837.125 | |
| 科图分类: | ||
| 主题词: | ||
| 电子资源: | ||
| ISBN: | 978-7-5634-5922-3 | |
| 000 | 00817nam0 2200241 450 | |
| 001 | 2381190553 | |
| 005 | 20231129012046.25 | |
| 010 | @a978-7-5634-5922-3@dCNY29.80 | |
| 100 | @a20201114e2013 em y0chiy50 ea | |
| 101 | 0 | @achi |
| 102 | @aCN@b220000 | |
| 105 | @ay z 000yb | |
| 200 | 1 | @a寻找亨利·福特@Axun zhao heng li · fu te@f王志艳编著 |
| 210 | @a延吉@c延边大学出版社@d2013@h2020重印 | |
| 215 | @a168页@d21cm | |
| 300 | @a时代印记 | |
| 330 | @a本书从福特的儿时生活开始写起,一直追溯到他创立福特汽车公司及所取得的巨大成就,再现了亨利·福特这位世界级的工程师和企业家具有传奇色彩的一生。 | |
| 600 | 0 | @a福特@c(Ford, Henry@f1863-1947)@x传记 |
| 690 | @aK837.125.38=531@v5 | |
| 690 | @aK837.125@v4 | |
| 701 | 0 | @a王志艳@Awang zhi yan@4编著 |
| 801 | 0 | @aCN@b91MARC@c20210918 |
| 905 | @aZUCC@dK837.125@e39 | |
| 寻找亨利·福特/王志艳编著.-延吉:延边大学出版社,2013(2020重印) |
| 168页;21cm |
| 时代印记 |
| ISBN 978-7-5634-5922-3:CNY29.80 |
| 本书从福特的儿时生活开始写起,一直追溯到他创立福特汽车公司及所取得的巨大成就,再现了亨利·福特这位世界级的工程师和企业家具有传奇色彩的一生。 |
| ● |
| 相关链接 |
|
|
|
正题名:寻找亨利·福特
索取号:K837.125/39
 
预约/预借
| 序号 | 登录号 | 条形码 | 馆藏地/架位号 | 状态 | 备注 |
| 1 | 2000994425 | 2000994425 | 第四书库/四30架B面6层3列/ [索取号:K837.125/39] | 在馆 | |
| 2 | 2000994426 | 2000994426 | 第四书库/四30架B面6层3列/ [索取号:K837.125/39] | 在馆 | |
| 3 | 2000994427 | 2000994427 | 第四书库/四30架B面6层3列/ [索取号:K837.125/39] | 在馆 | |
| 4 | 2000994428 | 2000994428 | 第四书库/四30架B面6层3列/ [索取号:K837.125/39] | 在馆 | |
| 5 | 2000994429 | 2000994429 | 第四书库/四30架B面6层3列/ [索取号:K837.125/39] | 在馆 | |
| 6 | 2000994430 | 2000994430 | 第四书库/四30架B面6层3列/ [索取号:K837.125/39] | 在馆 |